Normal view
MARC view
- Racisme en l'art
Entry Terme temàtic
001 - NÚMERO DE CONTROL
- campo de control: 169318
003 - IDENTIFICADOR DEL NÚMERO DE CONTROL
- campo de control: ES-BaIT
005 - FECHA Y HORA DE LA ÚLTIMA TRANSACCIÓN
- campo de control: 20260424141401.0
008 - DATOS DE LONGITUD FIJA
- campo de control de longitud fija: 260424|| aca||babn | a|a d
040 ## - FUENTE DE LA CATALOGACIÓN
- Centro catalogador/agencia de origen: ES-BaIT
150 ## - ENCABEZAMIENTO--TÉRMINO DE MATERIA
- Término de materia o nombre geográfico como elemento de entrada: Racisme en l'art


